000 00413nam a22001457a 4500
020 _a9789332584464
040 _cNUST
082 _a621.395
_bCIL
100 _aCiletti, Michael D.
_952068
245 _aAdvanced Digital Design with the Verilog HDL
250 _a2nd Edition
260 _aIndia:
_bPearson Education,
_c2017.
650 _aAdvanced Digital Design with the Verilog HDL
_9114231
942 _2ddc
_cBK
999 _c609754
_d609754